000 00734cam a2200205 4500
001 WB3601-14
008 000000n1999 000 0 eng u
035 _a(Sirsi) u103307
245 _aSottish agency to regulate social landlords
260 _c1999
490 _aHousing Today
_v(164) 16 December 1999, 1(1)
520 _aRegulation of all Scotland's social landlords is to come under one roof, as part of the radical shake-up of social housing. Scottish Homes is to lose its quango status and have its regulatory role extended to include council housing.
590 _aWB
650 _aSCOTTISH HOMES
650 _aSOCIAL HOUSING
650 _aSCOTLAND
650 _aCOUNCIL HOUSING
690 _aHOUSING
942 _n0
999 _c62086
_d62086